000 00739nam a2200241Ia 4500
003 OSt
005 20220928103631.0
006 a|||||r|||| 00| 0
007 ta
008 220927b |||||||| |||| 00| 0 eng d
024 _a67631
037 _cTextual
040 _aSDCL
_cSDCL
_beng
041 _2eng
_aeng
082 _aO12,1:g(S:55), N6
100 _aWilson Lyn Hatherly
_9405981
245 0 _aSappho's sweet bitter songs
_b Configurations of female and male in ancient Greek lyric
260 _aLondon
_bRoutledge
_c1996
300 _a232p
_ccm.
650 _aGreek Literature-Romantic Poetry-Criticism
_9405982
942 _hO12,1:g(S:55), N6
_cTEXL
_2CC
999 _c721581
_d721581